000 00429nam a2200145Ia 4500
008 241014s9999||||xx |||||||||||||| ||und||
020 _a978-0199219827
060 _aQU 450 M 2009
100 _aPhilip Meneely
245 0 _aAdvanced Genetic Analysis: Genes, Genomes, and Networks in Eukaryotes.
260 _bOxford University Press
_c2009
300 _a542
650 _aBiochemistry, Cell Biology, Genetics
942 _bDIMC
_cBK
999 _c8403
_d8403